000 01744nam a2200253 4500
001 113694
003 DR-UNIBE
005 20251017144701.0
008 250527b2006 dr ||||| |||| 00| 0 spa d
040 _aBIBLIOTECA UNIBE
_cBIBLIOTECA UNIBE
_bspa
_erda
041 _aspa
082 _222
_aRD 346.015 N789in 2006
100 0 _aNolasco, Daniel
_q(Nolasco Olivo, Daniel Julio)
_eautor
_9107378
245 1 0 _aInstituciones de derecho de familia /
_cDaniel Nolasco : presentación: Santo Inocencio Mercedes ; prólogo: Francisco Antonio Pérez Lora ; comentarios: Trajano Vidal Potentini Adames
260 _aSanto Domingo :
_bLibrería Jurídica Virtual y Ediciones Jurídicas Trajano Potentini ,
_c2006
300 _axxxi, 396 páginas ;
_c20 x 13 cm
500 _aInformación sobre el autor en las solapas, comentario de la obra en la contraportada, Biblioteca tiene Tomo II
505 _aÍndice general | Dedicatoria | Presentación | Prólogo | Introducción . Tomo II. Capítulo 10. La separación de cuerpos como remedio del conflicto conyugal | Capítulo 11. La filiación como institución parental | Capítulo 12. La legitimación como matrimonialización filiatoria | Capítulo 13. El menor como sujeto de derecho | Capítulo 14. La adopción como institución protectora del menor | Capítulo 15. La patria potestad como responsabilidad parental | Apéndices | Bibiografía
650 7 _2lemb
_a Derecho de familia
_xAspectos jurídicos
_9200084
700 1 0 _aMercedes, Santo Inocencio
_q(Mercedes Bastardo, Santo Inocencio)
_9195999
_epresentador
700 1 0 _aPérez Lora, Francisco Antonio
_9134544
_eprologuista
700 1 0 _aPotentini Adames, Trajano Vidal,
_d1968-
_9195336
_ecomentarista
942 _2ddc
_cBK
999 _c113694
_d113694